000 00784nas a2200253 4500
001 BR9213760
003 BR-BrBNA
005 20231205095118.0
007 ta
008 230509b bl.|||p| |||| 00| 00por d
040 _aBR-BrBNA
_bpor
_cBiblioteca Nacional de Agricultura
041 _a(Pt)
072 _aL02
100 1 _aLima, C.R.
100 1 _aSouto, S.M.
100 1 _aLima, T. de A.O.
245 1 _aAproveitamento do feno de "siratro" no aleitamento economico e desmama precoce de bezerros mesticos
650 _aNovilho
650 _aDesmama Precoce
650 _aFeno
773 0 _tPesquisa Agropecuaria Brasileira. Serie Zootecnia (Brazil)
_xISSN 0304-372X
_g(1973), v. 8(2) p. 5-7
_wBR9213760
909 _a202311
_bLúcia
_c55
_dLúcia Elande
942 _2AGRIS
_n0
_cANA
999 _c148759
_d148759